IBPS Bank PO/MT/SO: (Record no. 194290)

MARC details
000 -LEADER
fixed length control field 00784nam a22001817a 4500
005 - DATE AND TIME OF LATEST TRANSACTION
control field 20230127165944.0
010 ## - LCCN (DPL NO)
LC control number B-747984-991 E.N.A./7.11.22
020 ## - INTERNATIONAL STANDARD BOOK NUMBER
International Standard Book Number 9789395208857
Terms of availability 685.00
035 ## - SYSTEM CONTROL NUMBER
System control number B-747984-991
037 ## - SOURCE OF ACQUISITION
Source of stock number/acquisition Adhunik Prakashan
082 ## - DEWEY DECIMAL CLASSIFICATION NUMBER
Classification number 000
245 ## - TITLE STATEMENT
Title IBPS Bank PO/MT/SO:
Remainder of title preliminary online exam CRP-XII practice workbook/
260 ## - PUBLICATION, DISTRIBUTION, ETC. (IMPRINT)
Place of publication, distribution, etc Pitampura
Name of publisher, distributor, etc Kiran Institute of Career Excellence Pvt. Ltd.
Date of publication, distribution, etc 2022
270 ## - ADDRESS
Address RU-67. Opp. Power House, Pitampura
City New Delhi
Postal code 110034
Telephone number 9821874015
300 ## - PHYSICAL DESCRIPTION
Extent 1056p.
Dimensions 27cm.(pbk)
942 ## - ADDED ENTRY ELEMENTS (KOHA)
Source of classification or shelving scheme Dewey Decimal Classification
Item type English Books
Classification part 000
Call number suffix KIR
Holdings
Withdrawn status Lost status Not for loan Collection code Home library Current library Date acquired Source of acquisition Cost, normal purchase price Full call number Barcode Copy number Cost, replacement price Koha item type
      Non-fiction Ashok Vihar Ashok Vihar 19/01/2023 Adhunik Prakashan/1333/28.11.22/145/23.11.22/13.12.22 685.00 000 KIR B-747985 1 685.00 English Books
      Non-fiction Bawana Bawana 19/01/2023 Adhunik Prakashan/1333/28.11.22/145/23.11.22/13.12.22 685.00 000 KIR B-747989 1 685.00 English Books
      Non-fiction Central Library Central Library 19/01/2023 Adhunik Prakashan/1333/28.11.22/145/23.11.22/13.12.22 685.00 000 KIR B-747984 1 685.00 English Books
      Non-fiction Patel Nagar Patel Nagar 19/01/2023 Adhunik Prakashan/1333/28.11.22/145/23.11.22/13.12.22 685.00 000 KIR B-747986 1 685.00 English Books
      Non-fiction Sarojini Nagar Sarojini Nagar 19/01/2023 Adhunik Prakashan/1333/28.11.22/145/23.11.22/13.12.22 685.00 000 KIR B-747987 1 685.00 English Books
      Non-fiction Shahdara Branch Shahdara Branch 19/01/2023 Adhunik Prakashan/1333/28.11.22/145/23.11.22/13.12.22 685.00 000 KIR B-747990 1 685.00 English Books
      Non-fiction Vinoba Puri Vinoba Puri 19/01/2023 Adhunik Prakashan/1333/28.11.22/145/23.11.22/13.12.22 685.00 000 KIR B-747988 1 685.00 English Books
      Non-fiction Yojana Vihar Yojana Vihar 19/01/2023 Adhunik Prakashan/1333/28.11.22/145/23.11.22/13.12.22 685.00 000 KIR B-747991 1 685.00 English Books

© Delhi Public Library
Hit Counter
free hit counter